MARC

LEADER 00000nam0a2200000 4500
001 94410
005 20231031105632.0
035 |a (RuTPU)RU\TPU\book\101132 
090 |a 94410 
100 |a 20060411d1972 km y0rusy50 ca 
101 0 |a rus 
102 |a RU 
105 |a a z 001zy 
200 1 |a Ректификация смесей жирных кислот, их эфиров и жирных спиртов  |f П. Н. Милосердов [и др.]  |g Центральный научно-исследовательский институт технико-экономических исследований нефтеперерабатывающей и нефтехимической промышленности 
210 |a Москва  |c ЦНИИТЭнефтехим  |d 1972 
215 |a 98 с.  |c черт. 
225 1 |a Нефтехимия и сланцепереработка 
320 |a Библиогр. в конце глав 
610 1 |a жирные кислоты 
610 1 |a синтетические кислоты 
610 1 |a ректификация 
610 1 |a спирты алифатические 
610 1 |a сырье 
610 1 |a технологические схемы 
675 |a 665.12  |v 3 
675 |a 661.72  |v 3 
701 1 |a Милосердов  |b П. Н. 
701 1 |a Заяц  |b В. И. 
701 1 |a Филиппов  |b Н. А. 
701 1 |a Лебединская  |b Н. А. 
712 0 2 |a Центральный научно-исследовательский институт информации и технико-экономических исследований нефтеперерабатывающей и нефтехимической промышленности (ЦНИИТЭнефтехим)  |c (Москва)  |2 stltpush  |3 (RuTPU)RU\TPU\col\1645 
801 1 |a RU  |b 63413507  |c 20060411  |g PSBO 
801 2 |a RU  |b 63413507  |c 20181005  |g PSBO 
942 |c BK